01604nab a22002897a 4500999001500000003000400015005001700019008004100036040000700077100004100084245008100125260004200206300001300248500003500261505052700296505008900823650002600912650003000938650003100968650004500999650003001044650003201074650003301106650004001139773012201179942001301301 c6529d6529OSt20260223094936.0190506c xxu||||| |||| 00| 0 spa d cPJ 97130aAcosta Cardozo, Lorena Rocío10aInstancia previa, obligatoria y excluyente /cLorena Rocío Acosta Cardozo. aBuenos Aires :bAbeledoPerrot,c2024. ap. 17-22 aCita: TR LALEY AR/DOC/48/2024. aSumario: I. Introducción.— II. Las comisiones médicas tienen como función dictaminar.— III. Contingencias cubiertas.— IV. Contingencias excluidas.— V. Constitucionalidad de la ley 27.348.— VI. Problemática actual del sistema de riesgos del trabajo.— VII. Más prevención menor riesgo y litigiosidad.— VIII. Exámenes médicos.— IX. Exámenes preocupacionales.— X. Modernización del derecho del trabajo.— XI. Conclusión.— XII. Bibliografía.— XIII. Artículos.— XIV. Páginas. t¿Te interesa el texto completo? Comunicate al correo: koha@justierradelfuego.gov.ar 091316aDERECHO LABORAL 091430aRIESGOS DEL TRABAJO 094942aCOMISIONES MÉDICAS 095144aASEGURADOR POR RIESGOS DEL TRABAJO 091406aINCAPACIDAD LABORAL 091417aACCIDENTES DE TRABAJO 091405aENFERMEDAD PROFESIONAL 091482aLEY SOBRE RIESGOS DEL TRABAJO0 0275193202dBuenos Aires : AbeledoPerrot, 2013-tRevista de derecho laboral y seguridad social. Nº 3 - Febrero 2024 2udccANA